| 000 | 00954cam a22002893a 4500 | ||
|---|---|---|---|
| 001 | 16338 | ||
| 003 | PGUSA | ||
| 005 | 20140828083340.0 | ||
| 008 | 050720s2005||||xxu|||||s|||||000 p eng d | ||
| 040 |
_aPGUSA _beng |
||
| 042 | _adc | ||
| 050 | 4 | _aPA | |
| 100 | 1 |
_aLang, Andrew, _d1844-1912 |
|
| 245 | 1 | 4 |
_aThe Homeric Hymns : _bA New Prose Translation; and Essays, Literary and Mythological _h[electronic resource] / _cAndrew Lang |
| 260 |
_bProject Gutenberg, _c2005 |
||
| 506 | _aPublic domain in the USA. | ||
| 516 | _aElectronic text | ||
| 653 | _aHymns, Greek (Classical) -- History and criticism | ||
| 653 | _aHomeric hymns | ||
| 653 | _aHomeric hymns -- Translations into English | ||
| 653 | _aGods, Greek -- Poetry | ||
| 653 | _aHymns, Greek (Classical) -- Translations into English | ||
| 653 | _aGods, Greek, in literature | ||
| 830 | 0 |
_aProject Gutenberg _v16338 |
|
| 856 | 4 | 0 | _uhttp://www.gutenberg.org/ebooks/16338 |
| 942 | _cEB | ||
| 999 |
_c245593 _d245593 |
||